[Event "FRA-chT Top 12 (Women) GpA"]
[Site "Mulhouse"]
[Date "2017.05.06"]
[Round "2.1"]
[White "Tsulaia, Salome"]
[Black "Dubois, Marie"]
[Result "0-1"]
[WhiteElo "1488"]
[BlackElo "1965"]
[PlyCount "46"]
[EventDate "2017.05.05"]
[EventType "team-tourn"]
[EventRounds "5"]
[EventCountry "FRA"]
[SourceTitle "CBM 178 Extra"]
[Source "ChessBase"]
[SourceDate "2017.06.22"]
[SourceVersion "1"]
[SourceVersionDate "2017.06.22"]
[SourceQuality "1"]
[WhiteTeam "Strasbourg (W)"]
[BlackTeam "Montpellier (W)"]
[WhiteTeamCountry "FRA"]
[BlackTeamCountry "FRA"]

1. e4 c5 2. Nf3 d6 3. d4 cxd4 4. Nxd4 Nf6 5. Nc3 a6 6. Be2 e5 7. Nb3 Be7 8. Be3 Be6 9. 0-0 0-0 10. Re1 Nc6 11. Bf3 Na5 12. Nd2 Rc8 13. Nd5 Nxd5 14. exd5 Bf5 15. Rc1 b5 16. b3 Bg6 17. g3 Nb7 18. Bg2 Qa5 19. f4 exf4 20. Bxf4 Bf6 21. Ne4 Bb2 22. Rb1 Qxa2 23. Re2 Bh5 0-1

[Event "Montpellier op 21st"]
[Site "Montpellier"]
[Date "2015.07.05"]
[Round "1"]
[White "Dubois, Marie"]
[Black "Weill, Roland"]
[Result "0-1"]
[WhiteElo "1870"]
[BlackElo "2142"]
[PlyCount "46"]
[EventDate "2015.07.05"]
[EventType "swiss"]
[EventRounds "9"]
[EventCountry "FRA"]
[SourceTitle "EXT 2016"]
[Source "ChessBase"]
[SourceDate "2015.10.08"]
[SourceVersion "1"]
[SourceVersionDate "2015.10.08"]
[SourceQuality "1"]

1. d4 d6 2. c4 e5 3. dxe5 dxe5 4. Qc2 Nf6 5. Nc3 c6 6. Bg5 Be7 7. Nf3 Qc7 8. g3 Be6 9. b3 Nbd7 10. Bg2 0-0 11. 0-0 h6 12. Bc1 a5 13. Bb2 Nc5 14. Nd2 a4 15. Rad1 axb3 16. axb3 Qb6 17. Ra1 Rxa1 18. Rxa1 Ng4 19. e3 f5 20. h3 Nxf2 21. Kxf2 f4 22. Ke1 fxe3 23. Nde4 Nxb3 0-1

[Event "FRA-ch U18 Girls"]
[Site "Saint Paul Trois Chateaux"]
[Date "2013.04.30"]
[Round "3"]
[White "Dubois, Marie"]
[Black "Fischer, Julie"]
[Result "0-1"]
[WhiteElo "1826"]
[BlackElo "1912"]
[PlyCount "94"]
[EventDate "2013.04.28"]
[EventType "swiss"]
[EventRounds "9"]
[EventCountry "FRA"]
[SourceTitle "CBM 154 Extra"]
[Source "ChessBase"]
[SourceDate "2013.06.25"]
[SourceVersion "2"]
[SourceVersionDate "2013.06.25"]
[SourceQuality "1"]

1. d4 Nf6 2. c4 g6 3. f3 Bg7 4. e4 d6 5. Nc3 0-0 6. Be3 c5 7. Nge2 cxd4 8. Nxd4 Nc6 9. Qd2 Nxd4 10. Bxd4 Qa5 11. b3 Be6 12. Rd1 Rfc8 13. Nd5 Qxd2+ 14. Rxd2 Bxd5 15. exd5 Nd7 16. Bxg7 Kxg7 17. Kf2 a5 18. g3 Nb6 19. Bd3 a4 20. Re1 Kf6 21. Rde2 axb3 22. axb3 Nd7 23. f4 Nc5 24. Bc2 Ra2 25. Rb1 Na6 26. Bd1 Ra3 27. Reb2 Nb4 28. Be2 b6 29. Ke3 Rca8 30. Kd2 Kf5 31. h3 Ke4 32. Kc3 Na2+ 33. Kd2 Kd4 34. Rc2 Nb4 35. Rcb2 Ra2 36. g4 Rxb2+ 37. Rxb2 Ra1 38. f5 Rh1 39. fxg6 hxg6 40. h4 Rxh4 41. Rb1 Rh3 42. Rf1 f6 43. Rf4+ Ke5 44. Rf1 Rxb3 45. Bd1 Rd3+ 46. Ke2 Rd4 47. Kf3 Rf4+ 0-1

[Event "Sautron op 11th"]
[Site "Sautron"]
[Date "2012.08.31"]
[Round "2"]
[White "Crouan, Stephane"]
[Black "Dubois, Marie"]
[Result "1-0"]
[WhiteElo "2211"]
[BlackElo "1797"]
[PlyCount "49"]
[EventDate "2012.08.31"]
[EventType "swiss"]
[EventRounds "6"]
[EventCountry "FRA"]
[SourceTitle "EXT 2013"]
[Source "ChessBase"]
[SourceDate "2012.11.22"]
[SourceVersion "1"]
[SourceVersionDate "2012.11.22"]
[SourceQuality "1"]

1. c4 Nf6 2. Nc3 g6 3. g3 Bg7 4. Bg2 0-0 5. e3 d6 6. Nge2 e5 7. 0-0 c6 8. b3 d5 9. d3 Be6 10. h3 Qd7 11. Kh2 h5 12. Bb2 Na6 13. f4 Nh7 14. fxe5 h4 15. cxd5 cxd5 16. d4 hxg3+ 17. Nxg3 Rfd8 18. Nge2 g5 19. Ng3 g4 20. hxg4 Bxg4 21. Bf3 Be6 22. Nh5 Qe7 23. Qe1 Ng5 24. Qg3 Bh6 25. Nf6+ 1-0

[Event "FRA-ch U18 Girls"]
[Site "Nimes"]
[Date "2012.04.20"]
[Round "8"]
[White "Dubois, Marie"]
[Black "Finkel, Julie"]
[Result "1-0"]
[WhiteElo "1792"]
[BlackElo "1697"]
[PlyCount "49"]
[EventDate "2012.04.14"]
[EventType "swiss"]
[EventRounds "9"]
[EventCountry "FRA"]
[SourceTitle "CBM 148 Extra"]
[Source "ChessBase"]
[SourceDate "2012.06.22"]
[SourceVersion "1"]
[SourceVersionDate "2012.06.22"]
[SourceQuality "1"]

1. d4 d6 2. c4 e5 3. e3 e4 4. Nc3 f5 5. Nge2 Nf6 6. Nf4 c6 7. d5 c5 8. Be2 Be7 9. 0-0 0-0 10. Qb3 b6 11. a4 Na6 12. a5 Nc7 13. axb6 axb6 14. Rxa8 Nxa8 15. Bd2 g5 16. Ne6 Bxe6 17. dxe6 Qc8 18. Ra1 Qxe6 19. Ra7 Qf7 20. Nd5 Nxd5 21. cxd5 f4 22. Bg4 Qe8 23. Be6+ Kh8 24. Bc3+ Rf6 25. Qa3 1-0

[Event "FRA-ch U18 Girls"]
[Site "Nimes"]
[Date "2012.04.19"]
[Round "7"]
[White "Dubois, Marie"]
[Black "Afraoui, Solenn"]
[Result "1-0"]
[WhiteElo "1792"]
[BlackElo "1923"]
[PlyCount "67"]
[EventDate "2012.04.14"]
[EventType "swiss"]
[EventRounds "9"]
[EventCountry "FRA"]
[SourceTitle "CBM 148 Extra"]
[Source "ChessBase"]
[SourceDate "2012.06.22"]
[SourceVersion "1"]
[SourceVersionDate "2012.06.22"]
[SourceQuality "1"]

1. d4 Nf6 2. c4 c5 3. d5 e6 4. Nc3 exd5 5. cxd5 d6 6. e4 g6 7. Nf3 a6 8. a4 Bg4 9. Be2 Bg7 10. Nd2 Bxe2 11. Qxe2 0-0 12. 0-0 Qe7 13. f4 Nbd7 14. Re1 Rfe8 15. Nc4 Nh5 16. e5 dxe5 17. g4 Qh4 18. gxh5 exf4 19. Qxe8+ Rxe8 20. Rxe8+ Nf8 21. d6 Qg4+ 22. Kf1 Qf3+ 23. Ke1 Bxc3+ 24. bxc3 Qxc3+ 25. Nd2 Qd4 26. Ne4 Qxa1 27. d7 Qxc1+ 28. Kf2 Qe3+ 29. Kf1 Qf3+ 30. Nf2 Kg7 31. d8Q Ne6 32. Qd7 Qe3 33. h6+ Kxh6 34. Ng4+ 1-0

[Event "FRA-ch U18 Girls"]
[Site "Nimes"]
[Date "2012.04.17"]
[Round "5"]
[White "Dubois, Marie"]
[Black "Ruhlmann, Helene"]
[Result "1-0"]
[WhiteElo "1792"]
[BlackElo "1736"]
[PlyCount "81"]
[EventDate "2012.04.14"]
[EventType "swiss"]
[EventRounds "9"]
[EventCountry "FRA"]
[SourceTitle "CBM 148 Extra"]
[Source "ChessBase"]
[SourceDate "2012.06.22"]
[SourceVersion "1"]
[SourceVersionDate "2012.06.22"]
[SourceQuality "1"]

1. d4 d5 2. c4 e6 3. Nc3 Be7 4. cxd5 exd5 5. Bf4 Nf6 6. e3 Bf5 7. Nf3 c6 8. Be2 Nbd7 9. h3 0-0 10. Qd2 Ne4 11. Nxe4 Bxe4 12. 0-0 Re8 13. Rac1 a5 14. a3 a4 15. Qc3 Qa5 16. Nd2 Bg6 17. f3 Nf6 18. Rfe1 Qd8 19. Bf1 Nh5 20. Bh2 Bh4 21. Re2 Ng3 22. Bxg3 Bxg3 23. e4 Bf4 24. Ree1 dxe4 25. fxe4 Qg5 26. Rcd1 Bxd2 27. Rxd2 Rxe4 28. Rxe4 Bxe4 29. Re2 Bg6 30. Re5 Qd8 31. Bc4 Qd7 32. d5 Rc8 33. Qe3 cxd5 34. Bxd5 h6 35. Bf3 Qd3 36. Qxd3 Bxd3 37. Bxb7 Rc1+ 38. Kh2 Rb1 39. Rd5 Bc4 40. Rd8+ Kh7 41. Be4+ 1-0

[Event "Marseille op 4th"]
[Site "Marseille"]
[Date "2011.12.29"]
[Round "7"]
[White "Dubois, Marie"]
[Black "Ferrari, Louis"]
[Result "1/2-1/2"]
[WhiteElo "1778"]
[BlackElo "1658"]
[PlyCount "105"]
[EventDate "2011.12.26"]
[EventType "swiss"]
[EventRounds "9"]
[EventCountry "FRA"]
[SourceTitle "CBM 146 Extra"]
[Source "ChessBase"]
[SourceDate "2012.02.29"]
[SourceVersion "1"]
[SourceVersionDate "2012.02.29"]
[SourceQuality "1"]

1. d4 d5 2. c4 c6 3. Nc3 Nf6 4. cxd5 cxd5 5. Bf4 a6 6. e3 Bf5 7. Nf3 e6 8. Be2 Bd6 9. Ne5 0-0 10. 0-0 Nc6 11. Nxc6 bxc6 12. Bxd6 Qxd6 13. Na4 e5 14. Nc5 Rfb8 15. b3 a5 16. Rc1 exd4 17. exd4 Qf4 18. Bf3 Rb4 19. Nd3 Bxd3 20. Qxd3 Rxd4 21. Qc3 Rd2 22. Qxc6 Qb8 23. Rc2 Rxc2 24. Qxc2 Qb4 25. h3 Re8 26. Qd3 d4 27. g3 h6 28. Kg2 Qc3 29. Qxc3 dxc3 30. Rc1 Rc8 31. Be2 Rd8 32. Rxc3 Rd2 33. Bd3 g6 34. a4 Nd5 35. Rc8+ Kg7 36. Bc4 Ne3+ 37. Kf3 Nxc4 38. Rxc4 Rd3+ 39. Kg2 Rxb3 40. Rc5 Ra3 41. Rxa5 Kf6 42. Ra8 h5 43. a5 Kg7 44. Kf1 h4 45. Kg2 hxg3 46. fxg3 Ra2+ 47. Kf3 Ra3+ 48. Kf4 Kf6 49. Ra6+ Kg7 50. g4 Rxh3 51. Rb6 Ra3 52. a6 Ra4+ 53. Kf3 1/2-1/2

[Event "Marseille op 4th"]
[Site "Marseille"]
[Date "2011.12.28"]
[Round "5"]
[White "Dubois, Marie"]
[Black "Raynaud, Jean Philippe"]
[Result "1-0"]
[WhiteElo "1778"]
[BlackElo "1590"]
[PlyCount "65"]
[EventDate "2011.12.26"]
[EventType "swiss"]
[EventRounds "9"]
[EventCountry "FRA"]
[SourceTitle "CBM 146 Extra"]
[Source "ChessBase"]
[SourceDate "2012.02.29"]
[SourceVersion "1"]
[SourceVersionDate "2012.02.29"]
[SourceQuality "1"]

1. d4 d5 2. c4 c6 3. Nc3 dxc4 4. a4 Nf6 5. Nf3 Nd5 6. e4 Nxc3 7. bxc3 b5 8. Ne5 Qc7 9. Qf3 e6 10. Bf4 Bd6 11. Bg3 0-0 12. Ng4 Nd7 13. e5 Be7 14. Be2 Bb7 15. 0-0 c5 16. Qe3 h5 17. Nf6+ Bxf6 18. exf6 Qd8 19. fxg7 Kxg7 20. Bf4 cxd4 21. cxd4 Nf6 22. Qg3+ Kh8 23. Qh4 Rg8 24. g3 Qxd4 25. Bxh5 Nh7 26. Rad1 Qf6 27. Qxf6+ Nxf6 28. Bxf7 Rgc8 29. Bxe6 b4 30. Bxc8 Rxc8 31. Be5 Kg7 32. Rd7+ Kg6 33. Rxb7 1-0

[Event "FRA-chT1A 1112"]
[Site "France"]
[Date "2011.11.13"]
[Round "3.8"]
[White "Dubois, Marie"]
[Black "Bonvalot, Isabelle"]
[Result "1/2-1/2"]
[WhiteElo "1778"]
[BlackElo "1901"]
[PlyCount "198"]
[EventDate "2011.10.16"]
[EventType "team-tourn"]
[EventRounds "11"]
[EventCountry "FRA"]
[SourceTitle "EXT 2013"]
[Source "ChessBase"]
[SourceDate "2012.11.22"]
[SourceVersion "1"]
[SourceVersionDate "2012.11.22"]
[SourceQuality "1"]
[WhiteTeam "Sautron"]
[BlackTeam "Clichy"]
[WhiteTeamCountry "FRA"]
[BlackTeamCountry "FRA"]

1. d4 g6 2. c4 Bg7 3. Nc3 d6 4. e4 e5 5. d5 f5 6. Bd3 Nf6 7. f3 0-0 8. Nge2 Na6 9. exf5 gxf5 10. 0-0 Nc5 11. Bc2 Nh5 12. Be3 b6 13. b4 Nb7 14. Rc1 a5 15. a3 axb4 16. axb4 Qe7 17. Qd2 Bd7 18. Rfd1 Kh8 19. Ra1 Rae8 20. Ra7 Bc8 21. Nb5 f4 22. Bf2 Rg8 23. Nec3 Bf6 24. Bd3 Qg7 25. Bf1 Re7 26. Ne4 Rf7 27. Ra8 Bf5 28. Rxg8+ Qxg8 29. Nbc3 Rf8 30. Qb2 Nd8 31. Ra1 Nf7 32. Ra7 Bd8 33. Qe2 Ng5 34. Nxg5 Qxg5 35. Ne4 Qg6 36. c5 bxc5 37. bxc5 Rg8 38. Ra6 Be7 39. Be1 Bc8 40. Ra7 Bd8 41. Ba5 dxc5 42. Bxc7 Bxc7 43. Rxc7 Qb6 44. Rc6 Qb3 45. Rh6 Rg6 46. Rxh5 Ba6 47. Qf2 Bxf1 48. Qxf1 Qxd5 49. Qb1 Qd4+ 50. Kh1 Rb6 51. Qg1 Qd3 52. Nf2 Qe2 53. Ng4 e4 54. Qa1+ Qb2 55. Qxb2+ Rxb2 56. h3 e3 57. Re5 c4 58. Nxe3 fxe3 59. Rxe3 Rb8 60. Rc3 Rc8 61. Kg1 Kg7 62. Kf2 Kf6 63. Ke3 Ke5 64. Rc1 Kd5 65. Rd1+ Kc5 66. Kd2 Re8 67. Re1 Ra8 68. Re5+ Kd4 69. Re4+ Kd5 70. Kc3 Ra3+ 71. Kb2 Rb3+ 72. Kc2 Ra3 73. Rg4 Ra2+ 74. Kc3 Ra3+ 75. Kc2 Ra2+ 76. Kc3 Ra3+ 77. Kb2 Rb3+ 78. Kc1 Re3 79. Rh4 Re2 80. g4 Kd4 81. g5+ Kd3 82. Rxh7 Re1+ 83. Kb2 c3+ 84. Ka2 Re5 85. Rd7+ Kc2 86. Ka3 Rxg5 87. Rc7 Rf5 88. h4 Rxf3 89. Rg7 Rd3 90. Rg1 Rd1 91. Rg2+ Rd2 92. Rg1 Rh2 93. Rg4 Kd3 94. Rg3+ Kd2 95. Rg5 Kc2 96. h5 Rh1 97. Rg2+ Kb1 98. Kb3 c2 99. Rxc2 Rxh5 1/2-1/2

[Event "Sautron op 11th"]
[Site "Sautron"]
[Date "2011.10.28"]
[Round "4"]
[White "Lebreton, Flavien"]
[Black "Dubois, Marie"]
[Result "1-0"]
[WhiteElo "2073"]
[BlackElo "1715"]
[PlyCount "49"]
[EventDate "2011.10.22"]
[EventType "swiss"]
[EventRounds "9"]
[EventCountry "FRA"]
[SourceTitle "EXT 2016"]
[Source "ChessBase"]
[SourceDate "2015.10.08"]
[SourceVersion "1"]
[SourceVersionDate "2015.10.08"]
[SourceQuality "1"]

1. d4 Nf6 2. c4 g6 3. Nc3 Bg7 4. e4 d6 5. Nf3 0-0 6. Be2 e5 7. 0-0 Nc6 8. d5 Ne7 9. Ne1 Nd7 10. Be3 f5 11. f3 Nf6 12. c5 f4 13. Bf2 h5 14. Rc1 Ne8 15. Nb5 a6 16. Na3 Rb8 17. Nd3 g5 18. cxd6 cxd6 19. Qb3 Kh8 20. Ba7 Ra8 21. Bb6 Qd7 22. Nc4 Qb5 23. Qa3 g4 24. Bf2 g3 25. hxg3 1-0

[Event "Rohde op 10th"]
[Site "Sautron"]
[Date "2010.10.25"]
[Round "3"]
[White "Dubois, Marie"]
[Black "Quinn, Ciaran"]
[Result "0-1"]
[WhiteElo "1656"]
[BlackElo "2130"]
[PlyCount "91"]
[EventDate "2010.10.23"]
[EventType "swiss"]
[EventRounds "9"]
[EventCountry "FRA"]
[SourceTitle "EXT 2012"]
[Source "ChessBase"]
[SourceDate "2011.11.24"]
[SourceVersion "1"]
[SourceVersionDate "2011.11.24"]
[SourceQuality "1"]

1. d4 Nf6 2. c4 e6 3. Nc3 d5 4. cxd5 exd5 5. Bg5 Nbd7 6. e3 Be7 7. Bd3 0-0 8. Qc2 Re8 9. Nge2 c6 10. 0-0 Nf8 11. f3 h6 12. Bh4 Ne6 13. Bf2 c5 14. Rac1 cxd4 15. exd4 a6 16. Qb3 Bd6 17. Na4 b5 18. Nc5 Nf4 19. Nxf4 Bxf4 20. Rce1 Bd2 21. Rxe8+ Qxe8 22. Kh1 Ra7 23. Qc2 Ba5 24. a3 Re7 25. Rc1 Be1 26. Kg1 Nh5 27. Bf1 Nf4 28. Rxe1 Rxe1 29. Bxe1 Qxe1 30. Nd3 Qe3+ 31. Kh1 Bf5 32. Qc1 Qxc1 33. Nxc1 Bc2 34. Ne2 Ne6 35. Kg1 Bd3 36. Nc3 Bc4 37. Kf2 Nxd4 38. Bxc4 dxc4 39. Ke3 Ne6 40. Ke4 Nc5+ 41. Kd5 Nd3 42. Nd1 a5 43. g3 Kf8 44. f4 Ke7 45. a4 bxa4 46. Kxc4 0-1

[Event "FRA-ch U16 Girls"]
[Site "Troyes"]
[Date "2010.04.12"]
[Round "3"]
[White "Monpeurt, Cyrielle"]
[Black "Dubois, Marie"]
[Result "1/2-1/2"]
[WhiteElo "1855"]
[BlackElo "1616"]
[PlyCount "146"]
[EventDate "2010.04.11"]
[EventType "swiss"]
[EventRounds "9"]
[EventCountry "FRA"]
[SourceTitle "EXT 2012"]
[Source "ChessBase"]
[SourceDate "2011.11.24"]
[SourceVersion "1"]
[SourceVersionDate "2011.11.24"]
[SourceQuality "1"]

1. e4 c5 2. Nf3 d6 3. d4 cxd4 4. Nxd4 Nf6 5. Nc3 a6 6. Bg5 e6 7. f4 Qb6 8. Qd2 Qxb2 9. Rb1 Qa3 10. f5 Nc6 11. Bc4 Nxd4 12. Qxd4 Be7 13. fxe6 fxe6 14. e5 dxe5 15. Qxe5 Qc5 16. Qxc5 Bxc5 17. Rf1 Bd4 18. Ne2 Be5 19. Nf4 b5 20. Bb3 Bxf4 21. Rxf4 Rf8 22. Rd1 e5 23. Re4 Ra7 24. Rxe5+ Re7 25. Rxe7+ Kxe7 26. Rd3 Bf5 27. Rf3 Bc8 28. Rc3 h6 29. Bh4 g5 30. Bg3 Kd7 31. Rc7+ Kd8 32. Ra7 Re8+ 33. Kd1 Re7 34. Ra8 Ne4 35. Be1 Kc7 36. Ba5+ Kd7 37. a4 Nc5 38. Bb4 Re5 39. Ra7+ Kc6 40. axb5+ axb5 41. Bxc5 Rxc5 42. Rh7 Bg4+ 43. Kd2 h5 44. h3 Bf5 45. Rxh5 Be4 46. g3 Rf5 47. Rh6+ Kc5 48. h4 gxh4 49. Rxh4 Bf3 50. Rf4 Rxf4 51. gxf4 Bg4 52. Ke3 Bf5 53. c3 b4 54. cxb4+ Kxb4 55. Bd5 Kc5 56. Be4 Be6 57. Ba8 Kd6 58. Kd4 Bc8 59. Ke4 Ke6 60. Bd5+ Kf6 61. Bc4 Bd7 62. Bg8 Bc8 63. Bh7 Bd7 64. Kd5 Bf5 65. Bg8 Bg6 66. Kd4 Bb1 67. Bd5 Bf5 68. Ke3 Bc8 69. Kf3 Bd7 70. Kg3 Bc8 71. Kh4 Bd7 72. Be4 Bc8 73. Kh5 Bd7 1/2-1/2

[Event "Rohde op 09th"]
[Site "Sautron"]
[Date "2009.10.24"]
[Round "1"]
[White "Fretel, Didier"]
[Black "Dubois, Marie"]
[Result "0-1"]
[WhiteElo "1755"]
[BlackElo "1621"]
[PlyCount "30"]
[EventDate "2009.10.24"]
[EventType "swiss"]
[EventRounds "9"]
[EventCountry "FRA"]
[SourceTitle "EXT 2010"]
[Source "ChessBase"]
[SourceDate "2010.11.25"]
[SourceVersion "1"]
[SourceVersionDate "2010.11.25"]
[SourceQuality "1"]

1. d4 Nf6 2. c4 g6 3. Nc3 Bg7 4. e4 d6 5. Nf3 0-0 6. Be2 e5 7. 0-0 Nc6 8. d5 Ne7 9. b4 Nh5 10. Bg5 Nf4 11. Bxf4 exf4 12. Rc1 h6 13. Nd4 Kh7 14. Bf3 g5 15. Nde2 g4 0-1